[Event "XII C.to Italiano U20"]
[Site "Bratto - Castione della Presolana ITA"]
[Date "2004.08.21"]
[Round "2"]
[White "Procacci, Sergio"]
[Black "Adami, Roberto"]
[Result "1-0"]
[WhiteElo "1756"]
[BlackElo "1652"]
[PlyCount "115"]
[EventDate "2004.08.20"]

1. e4 c5 2. Nc3 d6 3. g3 Nc6 4. Bg2 Nf6 5. f4 a6 6. d3 e6 7. Nf3 Qc7 8. O-O Be7
9. Ne2 O-O 10. h3 Rb8 11. g4 b5 12. Ng3 Bb7 13. f5 d5 14. Ne1 Bd6 15. Nh1 dxe4
16. g5 Nd5 17. dxe4 Nf4 18. Bxf4 Bxf4 19. Qg4 Bh2+ 20. Kf2 exf5 21. Qxf5 Nd4
22. Qg4 Qf4+ 23. Qxf4 Bxf4 24. c3 Nc6 25. Nf3 Ne5 26. Nxe5 Bxe5 27. Ke3 Rbd8
28. Nf2 c4 29. Rad1 Bc7 30. Rxd8 Rxd8 31. Rd1 Rxd1 32. Nxd1 Bb6+ 33. Kf4 Kf8
34. Ne3 Bxe3+ 35. Kxe3 Ke7 36. Bf3 Bc8 37. h4 Kd6 38. Kf4 Be6 39. h5 a5 40. g6
hxg6 41. hxg6 f6 42. a3 Kc5 43. e5 f5 44. Bd1 Bd7 45. Bc2 b4 46. axb4+ axb4 47.
Bxf5 bxc3 48. bxc3 Bxf5 49. Kxf5 Kd5 50. Kf4 Ke6 51. Ke4 Ke7 52. Kd5 Kd7 53.
Kxc4 Ke6 54. Kd4 Kf5 55. Kd5 Kxg6 56. Kd6 Kf7 57. Kd7 g5 58. e6+ 1-0

[Event "XII C.to Italiano U20"]
[Site "Bratto - Castione della Presolana ITA"]
[Date "2004.08.21"]
[Round "2"]
[White "Reginato, Mauro"]
[Black "Reduzzi, Maurizio"]
[Result "1/2-1/2"]
[WhiteElo "1574"]
[BlackElo "2114"]
[PlyCount "71"]
[EventDate "2004.08.20"]

1. e4 c5 2. Nf3 e6 3. d4 cxd4 4. Nxd4 a6 5. Nc3 Nc6 6. Be3 Qc7 7. a4 Bb4 8.
Nxc6 Qxc6 9. Qd4 Bxc3+ 10. bxc3 Nf6 11. f3 O-O 12. Be2 d6 13. O-O e5 14. Qc4
Qxc4 15. Bxc4 Be6 16. Bxe6 fxe6 17. Rab1 Rf7 18. Rb6 Rc8 19. Rxd6 Rxc3 20. Rd8+
Rf8 21. Bb6 Rxc2 22. Rfd1 Rc6 23. a5 Rc8 24. R8d2 Rfe8 25. Rb2 Re7 26. Rdb1 Ne8
27. Rd2 Rc6 28. Rbd1 Nc7 29. Bf2 Nb5 30. Bh4 Rec7 31. Bd8 Rf7 32. Bb6 Nd4 33.
Bxd4 exd4 34. Rxd4 Rc5 35. Rd8+ Rf8 36. R8d7 1/2-1/2

[Event "XII C.to Italiano U20"]
[Site "Bratto - Castione della Presolana ITA"]
[Date "2004.08.21"]
[Round "2"]
[White "Rombaldoni, Brian"]
[Black "Bellemo, Davide"]
[Result "1/2-1/2"]
[WhiteElo "1452"]
[BlackElo "1712"]
[PlyCount "123"]
[EventDate "2004.08.20"]

1. d4 d5 2. Nf3 Nf6 3. e3 e6 4. Bd3 Nbd7 5. O-O Bd6 6. b3 O-O 7. Bb2 Re8 8. Ne5
c5 9. Nd2 Qc7 10. f4 a6 11. g4 g6 12. c4 Rb8 13. a4 b6 14. Qf3 Bb7 15. Qg3 Rbc8
16. Qh4 Ba8 17. Nxd7 Nxd7 18. Rae1 Qb7 19. f5 e5 20. fxg6 hxg6 21. dxe5 Bxe5
22. Bxe5 Rxe5 23. e4 d4 24. Qf2 Re7 25. Qh4 Ne5 26. Bc2 Qd7 27. h3 Rce8 28. Rf6
d3 29. Bd1 Qd4+ 30. Qf2 Qxf2+ 31. Rxf2 Nd7 32. Rf3 Bxe4 33. Nxe4 Rxe4 34. Rxe4
Rxe4 35. Rxd3 Rd4 36. Rxd4 cxd4 37. Kf2 Nc5 38. b4 Nd3+ 39. Kf3 Nxb4 40. Ke4 d3
41. Kd4 Kf8 42. Kc3 a5 43. Bf3 Ke7 44. h4 Kf6 45. h5 Kg5 46. hxg6 Kxg6 47. Kd4
Kf6 48. Be4 Kg5 49. Bf3 Kf4 50. Bd1 f6 51. c5 bxc5+ 52. Kxc5 Ke5 53. Kb5 Kd4
54. Kxa5 Kc5 55. Bb3 d2 56. Bd1 Na2 57. Ka6 Kc6 58. Bf3+ Kc7 59. Kb5 Nc3+ 60.
Kc5 d1=Q 61. Bxd1 Nxd1 62. Kd5 1/2-1/2

[Event "XII C.to Italiano U20"]
[Site "Bratto - Castione della Presolana ITA"]
[Date "2004.08.21"]
[Round "2"]
[White "Rostolis, Riccardo"]
[Black "Napoli, Nicolo'"]
[Result "0-1"]
[WhiteElo "1709"]
[BlackElo "2172"]
[PlyCount "44"]
[EventDate "2004.08.20"]

1. e4 Nc6 2. d4 e5 3. Nf3 exd4 4. Bc4 Nf6 5. O-O d6 6. Nxd4 Be7 7. Nxc6 bxc6 8.
Nc3 O-O 9. h3 Bb7 10. Bb3 a5 11. a3 d5 12. e5 Nd7 13. f4 Nc5 14. f5 f6 15. e6
d4 16. Na4 Nxb3 17. cxb3 Qd5 18. Qg4 Kh8 19. Rf4 c5 20. Bd2 Rab8 21. Rf3 g6 22.
fxg6 Rg8 0-1

[Event "XII C.to Italiano U20"]
[Site "Bratto - Castione della Presolana ITA"]
[Date "2004.08.21"]
[Round "2"]
[White "Santacroce, Fidel"]
[Black "Mandolini, Riccardo"]
[Result "0-1"]
[WhiteElo "1661"]
[BlackElo "1799"]
[PlyCount "56"]
[EventDate "2004.08.20"]

1. e4 c5 2. Nc3 Nc6 3. Bc4 Nf6 4. a4 d6 5. d3 Nd4 6. Be3 g6 7. Nge2 Nxe2 8.
Qxe2 Bg7 9. O-O-O O-O 10. f3 e5 11. g4 Nd7 12. h4 h6 13. f4 exf4 14. Bxf4 Ne5
15. Rdg1 Be6 16. g5 h5 17. Nd5 Ng4 18. Ne3 Nxe3 19. Qxe3 Bd4 20. Qg3 Qb6 21.
Bxd6 Bxb2+ 22. Kd2 Qb4+ 23. Ke2 Bg4+ 24. Kf1 Bd4 25. Bxf8 Qd2 26. Qe1 Qf4+ 27.
Kg2 Qf3+ 28. Kh2 Qh3# 0-1

[Event "XII C.to Italiano U20"]
[Site "Bratto - Castione della Presolana ITA"]
[Date "2004.08.21"]
[Round "2"]
[White "Scharrer, Patrick"]
[Black "Nizzardo, Mattia"]
[Result "1-0"]
[WhiteElo "2193"]
[BlackElo "1772"]
[PlyCount "73"]
[EventDate "2004.08.20"]

1. e4 e5 2. Nf3 Nc6 3. Bb5 a6 4. Ba4 d6 5. O-O Be7 6. d4 exd4 7. Nxd4 Bd7 8.
Nxc6 Bxc6 9. Bxc6+ bxc6 10. Nc3 Bf6 11. Qd3 Ne7 12. Be3 Ng6 13. Rad1 h5 14. f4
a5 15. e5 Be7 16. e6 Bf6 17. exf7+ Kxf7 18. Qc4+ Kf8 19. Qxc6 h4 20. Nd5 Ne7
21. Nxe7 Kxe7 22. Rfe1 Kf7 23. Bd4 Re8 24. Bxf6 Qxf6 25. Rxe8 Rxe8 26. Qxc7+
Kg8 27. Qc4+ Kh8 28. Qd5 Qe7 29. Qf3 Qe6 30. f5 Qe5 31. Rf1 Kg8 32. f6 gxf6 33.
Qg4+ Kf7 34. Qxh4 Qxb2 35. Qh7+ Kf8 36. Qg6 Re2 37. Rxf6+ 1-0

[Event "XII C.to Italiano U20"]
[Site "Bratto - Castione della Presolana ITA"]
[Date "2004.08.21"]
[Round "2"]
[White "Seminara, Antonio"]
[Black "Pace, Pietro Dario"]
[Result "0-1"]
[WhiteElo "1937"]
[BlackElo "2133"]
[PlyCount "60"]
[EventDate "2004.08.20"]

1. d4 d5 2. c4 c6 3. Nc3 Nf6 4. Nf3 a6 5. cxd5 cxd5 6. Bf4 Nc6 7. e3 Bg4 8. Be2
e6 9. O-O Bd6 10. Ne5 Bxe5 11. Bxe5 Nxe5 12. dxe5 Bxe2 13. Qxe2 Nd7 14. f4 O-O
15. Rf3 f6 16. exf6 Nxf6 17. Rd1 b5 18. b4 Qb6 19. Kh1 Qc6 20. Qd3 Rfc8 21. Ne2
Qc2 22. Qxc2 Rxc2 23. Nd4 Rxa2 24. Nxe6 Rc8 25. Rg3 g6 26. f5 Ne4 27. Rf3 Nf2+
28. Rxf2 Rxf2 29. Nf4 gxf5 30. Nxd5 Rd2 0-1

[Event "XII C.to Italiano U20"]
[Site "Bratto - Castione della Presolana ITA"]
[Date "2004.08.21"]
[Round "2"]
[White "Taglione, Stefano"]
[Black "Boscolo, Marco"]
[Result "0-1"]
[WhiteElo "1700"]
[BlackElo "1898"]
[PlyCount "68"]
[EventDate "2004.08.20"]

1. e4 c5 2. Nf3 e6 3. d4 cxd4 4. Nxd4 Nf6 5. Nc3 Nc6 6. a3 a6 7. Bg5 Be7 8. Bc4
Qb6 9. Nxc6 Qxc6 10. Bd3 Qb6 11. Rb1 d6 12. O-O Bd7 13. Qd2 Rc8 14. Rfd1 h6 15.
Bh4 g5 16. Bg3 Nh5 17. Be2 Nxg3 18. hxg3 h5 19. e5 d5 20. Bf3 Bc6 21. Ne4 dxe4
22. Bxe4 Rd8 23. Bxc6+ Qxc6 24. Qa5 h4 25. Rxd8+ Bxd8 26. Qd2 hxg3 27. Rd1
gxf2+ 28. Kf1 Rh1+ 29. Kxf2 Rxd1 30. Qxd1 Qc5+ 31. Kf1 Qxe5 32. c3 Bb6 33. Qa4+
Qb5+ 34. Qxb5+ axb5 0-1

[Event "XII C.to Italiano U20"]
[Site "Bratto - Castione della Presolana ITA"]
[Date "2004.08.21"]
[Round "2"]
[White "Tomba, Ivan"]
[Black "Chinello, Gianmarco"]
[Result "1-0"]
[WhiteElo "2292"]
[BlackElo "2100"]
[PlyCount "88"]
[EventDate "2004.08.20"]

1. e4 e5 2. Nf3 Nc6 3. d4 exd4 4. Nxd4 Bc5 5. Nxc6 Qf6 6. Qd2 Qxc6 7. Nc3 Bb4
8. Qd4 Bxc3+ 9. bxc3 Nf6 10. Bd3 d5 11. e5 Ne4 12. Bxe4 dxe4 13. Ba3 Bd7 14.
O-O Qa4 15. Rfd1 O-O-O 16. Be7 Rde8 17. Bg5 h6 18. Be3 Rd8 19. Qc5 b6 20. Qd5
Bc6 21. Qxf7 Rxd1+ 22. Rxd1 Qxc2 23. Rc1 Rd8 24. h3 Rd1+ 25. Rxd1 Qxd1+ 26. Kh2
Qd5 27. Qxg7 Qxa2 28. Qxh6 Qd5 29. e6 a5 30. Qf6 a4 31. e7 Be8 32. Bc1 Kd7 33.
Ba3 b5 34. h4 c5 35. Qb6 Qd6+ 36. Qxd6+ Kxd6 37. g4 Kd5 38. h5 Kc4 39. h6 Kxc3
40. h7 b4 41. h8=Q+ Kc4 42. Qxe8 Kb3 43. Qf7+ Kxa3 44. e8=Q b3 1-0

[Event "XII C.to Italiano U20"]
[Site "Bratto - Castione della Presolana ITA"]
[Date "2004.08.21"]
[Round "2"]
[White "Vignoli, Matteo"]
[Black "Ferrarese, Giacomo"]
[Result "1/2-1/2"]
[WhiteElo "1808"]
[BlackElo "1688"]
[PlyCount "122"]
[EventDate "2004.08.20"]

1. e4 c5 2. Nf3 d6 3. d4 cxd4 4. Nxd4 Nf6 5. Nc3 g6 6. Be3 Bg7 7. f3 Nc6 8. Qd2
Bd7 9. O-O-O O-O 10. h4 Nxd4 11. Bxd4 Qa5 12. Kb1 Rfc8 13. g4 h5 14. g5 Ne8 15.
Bxg7 Nxg7 16. Bh3 Bxh3 17. Rxh3 b5 18. f4 Rc5 19. Nd5 Qxd2 20. Rxd2 Kf8 21. Ra3
Rc6 22. Rf3 Ne6 23. f5 gxf5 24. exf5 Nc7 25. Nf4 Rc4 26. Rh2 Na6 27. Nxh5 Rac8
28. Nf4 Nb4 29. c3 Na6 30. Nd3 b4 31. cxb4 Nxb4 32. Rh1 Nxd3 33. Rxd3 Rf4 34.
f6 exf6 35. Rxd6 fxg5 36. hxg5 Rg4 37. Rdd1 Rc5 38. Rhf1 Rgxg5 39. Rd7 a5 40.
Rfxf7+ Ke8 41. a3 Rb5 42. Rb7 Rxb7 43. Rxb7 Kd8 44. Kc2 Kc8 45. Rh7 Kb8 46. Kb3
Rb5+ 47. Kc3 Rc5+ 48. Kd3 Rb5 49. Kc2 Rc5+ 50. Kd3 Rb5 51. Kc2 Rc5+ 52. Kb1 Ka8
53. Ka2 Rb5 54. a4 Rc5 55. Ka3 Kb8 56. Rh3 Ka7 57. Rc3 Rg5 58. Rb3 Ka6 59. Rc3
Kb6 60. b4 axb4+ 61. Kxb4 Rg4+ 1/2-1/2

[Event "XII C.to Italiano U20"]
[Site "Bratto - Castione della Presolana ITA"]
[Date "2004.08.21"]
[Round "2"]
[White "Vocaturo, Daniele"]
[Black "Cacciola, Alfredo"]
[Result "1-0"]
[WhiteElo "2221"]
[BlackElo "2052"]
[PlyCount "103"]
[EventDate "2004.08.20"]

1. e4 c5 2. Nf3 d6 3. d4 cxd4 4. Nxd4 Nf6 5. Nc3 g6 6. Be3 Bg7 7. f3 Nc6 8. Qd2
O-O 9. g4 Be6 10. O-O-O Nxd4 11. Bxd4 Qa5 12. Kb1 Rfc8 13. a3 Rab8 14. g5 Nh5
15. Nd5 Qxd2 16. Rxd2 Bxd5 17. exd5 Bxd4 18. Rxd4 Rd8 19. Bh3 Ng7 20. Re1 Kf8
21. Rde4 Re8 22. Bd7 Red8 23. Rxe7 Ne6 24. Rxf7+ Kxf7 25. Bxe6+ Kg7 26. Re4 Re8
27. c3 h6 28. f4 hxg5 29. fxg5 Re7 30. Rc4 Rh8 31. h4 Rh7 32. a4 Kf8 33. a5 Rc7
34. Rf4+ Ke8 35. Kc2 Rce7 36. b4 b5 37. axb6 axb6 38. Kb3 Kd8 39. Ka4 Kc7 40.
Kb5 Kb7 41. c4 Rc7 42. Bh3 Rcf7 43. Rd4 Rf3 44. Bg2 Rg3 45. Bf1 Rf3 46. Bd3 Rg7
47. c5 bxc5 48. bxc5 dxc5 49. Kxc5 Kc7 50. d6+ Kd8 51. Kc6 Rff7 52. Rb4 1-0

[Event "XII C.to Italiano U20"]
[Site "Bratto - Castione della Presolana ITA"]
[Date "2004.08.22"]
[Round "3"]
[White "Adami, Roberto"]
[Black "Perico', Alessandro"]
[Result "1-0"]
[WhiteElo "1652"]
[BlackElo "1685"]
[PlyCount "103"]
[EventDate "2004.08.20"]

1. e4 e6 2. d4 d5 3. e5 c5 4. c3 Qb6 5. Nf3 Nc6 6. Bd3 Bd7 7. O-O cxd4 8. cxd4
Nxd4 9. Nxd4 Qxd4 10. Nc3 a6 11. Qe2 Ne7 12. Kh1 Nc6 13. f4 g5 14. Be3 Qb4 15.
Bd2 Qb6 16. fxg5 Bg7 17. Bf4 Nb4 18. Bb1 Ke7 19. a3 Nc6 20. Bd3 Rac8 21. Qh5
Qxb2 22. Na4 Qd4 23. Be3 Qxe3 24. Qxf7+ Kd8 25. Qxg7 Qxe5 26. Qh6 Qd4 27. Bc2
Ne7 28. Rad1 Qe3 29. Rf8+ Rxf8 30. Qxf8+ Be8 31. Bxh7 Rc1 32. Rf1 Rxf1+ 33.
Qxf1 Bxa4 34. h4 Be8 35. g6 Bxg6 36. Bxg6 Nxg6 37. Qf6+ Ne7 38. h5 Qe4 39. h6
Qf5 40. Qh8+ Kd7 41. Qg7 Qg6 42. Qh8 Qg8 43. Qxg8 Nxg8 44. h7 Ne7 45. h8=Q Kd6
46. Qd8+ Ke5 47. Qxe7 d4 48. Qg7+ Ke4 49. Qxb7+ Kf4 50. Qf3+ Ke5 51. Kg1 Kd6
52. Qe4 1-0

[Event "XII C.to Italiano U20"]
[Site "Bratto - Castione della Presolana ITA"]
[Date "2004.08.22"]
[Round "3"]
[White "Basso, Piergiorgio"]
[Black "Bdair, Bilal"]
[Result "0-1"]
[WhiteElo "1742"]
[BlackElo "2012"]
[PlyCount "70"]
[EventDate "2004.08.20"]

1. e4 c5 2. Nf3 d6 3. d4 cxd4 4. Nxd4 Nf6 5. Nc3 a6 6. a4 e5 7. Nf3 Be7 8. Bc4
b6 9. Be3 Bb7 10. Ng5 O-O 11. f3 h6 12. Nh3 Nbd7 13. O-O Qc7 14. Ba2 Nc5 15.
Qe1 Rad8 16. Qg3 Kh8 17. Rfd1 Bc8 18. Nd5 Nxd5 19. Bxd5 f5 20. b4 f4 21. Bxf4
exf4 22. Nxf4 Rxf4 23. Qxf4 Ne6 24. Qd2 Bg5 25. Qf2 Qc3 26. Kh1 Qxb4 27. Rab1
Qc5 28. Qf1 Nf4 29. c4 Bd7 30. Ra1 Rf8 31. Bb7 a5 32. Qe1 Bf6 33. Ra2 Qxc4 34.
Qf2 Bxa4 35. Rxd6 Bb3 0-1

[Event "XII C.to Italiano U20"]
[Site "Bratto - Castione della Presolana ITA"]
[Date "2004.08.22"]
[Round "3"]
[White "Battaglia, Edoardo"]
[Black "Lain, Luigi"]
[Result "0-1"]
[WhiteElo "1877"]
[BlackElo "2243"]
[PlyCount "34"]
[EventDate "2004.08.20"]

1. e4 e5 2. d4 exd4 3. Qxd4 Nc6 4. Qe3 Nf6 5. Nc3 Bb4 6. Bd2 d6 7. O-O-O O-O 8.
Qg3 Re8 9. h4 Nxe4 10. Nxe4 Rxe4 11. Bg5 Qe8 12. c3 Bc5 13. f3 Be3+ 14. Kc2 Bf5
15. Bd3 Nb4+ 16. cxb4 Qa4+ 17. Kc3 Qxb4+ 0-1

[Event "XII C.to Italiano U20"]
[Site "Bratto - Castione della Presolana ITA"]
[Date "2004.08.22"]
[Round "3"]
[White "Bellemo, Davide"]
[Black "Taglione, Stefano"]
[Result "0-1"]
[WhiteElo "1712"]
[BlackElo "1700"]
[PlyCount "72"]
[EventDate "2004.08.20"]

1. c4 e5 2. Nc3 Nf6 3. g3 Nc6 4. Bg2 Bc5 5. e3 O-O 6. Nge2 a6 7. O-O d6 8. d4
exd4 9. exd4 Ba7 10. h3 Re8 11. b3 Bf5 12. Bb2 Rb8 13. Rc1 Qd7 14. Kh2 Re7 15.
Nf4 Ree8 16. Nfd5 Nxd5 17. Nxd5 Ne7 18. Ne3 Bg6 19. b4 c6 20. Re1 Nf5 21. Qd2
Nxe3 22. fxe3 Be4 23. Qc3 Bxg2 24. Kxg2 f6 25. e4 Re7 26. Rcd1 Rbe8 27. e5 d5
28. c5 Bb8 29. exf6 Re2+ 30. Rxe2 Rxe2+ 31. Kg1 Qxh3 32. f7+ Kf8 33. Qf3 Qh2+
34. Kf1 Rxb2 35. Re1 Qh3+ 36. Kg1 Qxg3+ 0-1

[Event "XII C.to Italiano U20"]
[Site "Bratto - Castione della Presolana ITA"]
[Date "2004.08.22"]
[Round "3"]
[White "Berardi, Alessandro"]
[Black "Angelini, Marco"]
[Result "0-1"]
[WhiteElo "1577"]
[BlackElo "1682"]
[PlyCount "120"]
[EventDate "2004.08.20"]

1. e4 c5 2. Nf3 d6 3. Bb5+ Bd7 4. Bxd7+ Nxd7 5. O-O Ngf6 6. Re1 g6 7. c3 Bg7 8.
d4 cxd4 9. cxd4 Qb6 10. Nc3 O-O 11. e5 Ne8 12. Nd5 Qd8 13. Qb3 dxe5 14. Bg5
Ndf6 15. Bxf6 Nxf6 16. Nxf6+ exf6 17. d5 Qd7 18. Red1 Rfd8 19. Rac1 Bf8 20. Rc2
Rac8 21. Rxc8 Qxc8 22. Ne1 Qd7 23. Nc2 f5 24. g3 f4 25. Kg2 b6 26. Nb4 Bxb4 27.
Qxb4 fxg3 28. hxg3 Qd6 29. Qxd6 Rxd6 30. Kf3 f5 31. Ke3 Kg7 32. f4 Kf6 33. a3
h6 34. Rd2 exf4+ 35. Kxf4 g5+ 36. Kf3 Ke5 37. Ke3 Rxd5 38. Rf2 Rd1 39. Ke2 Rg1
40. Rf3 Rg2+ 41. Kf1 Rxb2 42. Re3+ Kd4 43. Rf3 Ke4 44. Rc3 Rd2 45. Rc4+ Rd4 46.
Rc6 Rd3 47. Re6+ Kf3 48. Ke1 Rxa3 49. Rxh6 Kxg3 50. Rg6 g4 51. Rf6 f4 52. Rd6
Ra1+ 53. Kd2 f3 54. Rd3 Kg2 55. Ke3 f2 56. Rd2 Kg1 57. Rxf2 Ra3+ 58. Ke2 Ra2+
59. Ke1 Rxf2 60. Kd1 g3 0-1

[Event "XII C.to Italiano U20"]
[Site "Bratto - Castione della Presolana ITA"]
[Date "2004.08.22"]
[Round "3"]
[White "Boscolo, Marco"]
[Black "Cappai, Davide"]
[Result "1/2-1/2"]
[WhiteElo "1898"]
[BlackElo "2132"]
[PlyCount "102"]
[EventDate "2004.08.20"]

1. e4 c5 2. Nf3 Nc6 3. d4 cxd4 4. Nxd4 g6 5. c4 Nf6 6. Nc3 d6 7. Be2 Bg7 8. Be3
O-O 9. O-O Ne5 10. h3 Be6 11. Nxe6 fxe6 12. Qb3 Qd7 13. Rad1 Qc6 14. f4 Nf7 15.
Bf3 Rac8 16. e5 Qxc4 17. Qxc4 Rxc4 18. exf6 Bxf6 19. Bxa7 Ra8 20. Bf2 Rxf4 21.
Rd2 d5 22. Ne2 Rfa4 23. a3 Nd6 24. Rc2 R4a5 25. Bg4 e5 26. Be6+ Kg7 27. Be1 d4
28. Ng3 e4 29. Bxa5 Rxa5 30. Re2 Re5 31. Bb3 h5 32. Rd1 h4 33. Nf1 d3 34. Ree1
Rb5 35. Be6 Bd4+ 36. Kh1 Re5 37. Bg4 Bf2 38. Ne3 Nf5 39. Bxf5 gxf5 40. Nxf5+
Kg6 41. Ne3 Rc5 42. Ng4 Bxe1 43. Rxe1 e3 44. Nxe3 Re5 45. Kg1 d2 46. Rd1 Rxe3
47. Rxd2 Rb3 48. Rd4 Kg5 49. Rg4+ Kh5 50. Re4 Rxb2 51. Rxe7 Rb3 1/2-1/2

[Event "XII C.to Italiano U20"]
[Site "Bratto - Castione della Presolana ITA"]
[Date "2004.08.22"]
[Round "3"]
[White "Brunello, Sabino"]
[Black "Kidane, Robel"]
[Result "1/2-1/2"]
[WhiteElo "2193"]
[BlackElo "2081"]
[PlyCount "59"]
[EventDate "2004.08.20"]

1. e4 c5 2. Nf3 d6 3. d4 cxd4 4. c3 Nf6 5. e5 dxe5 6. Nxe5 e6 7. cxd4 Be7 8.
Nc3 O-O 9. Bd3 Nc6 10. Nxc6 bxc6 11. O-O c5 12. Qf3 Rb8 13. dxc5 Bxc5 14. Bf4
Rb4 15. Rad1 Bb7 16. Be4 Qa8 17. Bxb7 Qxb7 18. Qxb7 Rxb7 19. b3 Bb4 20. Na4 Nd5
21. Be5 f6 22. Bd4 Rc8 23. Rc1 Rbc7 24. Rxc7 Rxc7 25. g3 e5 26. Bb2 Bd2 27. Ba3
Rc2 28. Bc5 a6 29. a3 e4 30. Rd1 1/2-1/2

[Event "XII C.to Italiano U20"]
[Site "Bratto - Castione della Presolana ITA"]
[Date "2004.08.22"]
[Round "3"]
[White "Buchicchio, Alessandro"]
[Black "Buono, Michele"]
[Result "1/2-1/2"]
[WhiteElo "1813"]
[BlackElo "2098"]
[PlyCount "107"]
[EventDate "2004.08.20"]

1. d4 d5 2. c4 c6 3. Nf3 Nf6 4. e3 e6 5. Nc3 Nbd7 6. Bd3 Bd6 7. e4 dxe4 8. Nxe4
Nxe4 9. Bxe4 Nf6 10. Bc2 Qa5+ 11. Bd2 Qc7 12. b4 Bf4 13. O-O O-O 14. g3 Bxd2
15. Qxd2 a5 16. a3 Rd8 17. Qd3 g6 18. Ne5 Qd6 19. Rad1 axb4 20. c5 Qe7 21. axb4
Nd5 22. Qb3 f6 23. Nc4 b5 24. Ne3 Bd7 25. Ra1 Be8 26. Ra3 Nc7 27. Rd1 Bf7 28.
Qb2 Rxa3 29. Qxa3 Ra8 30. Qb2 Nd5 31. Nxd5 exd5 32. Bd3 Ra4 33. Ra1 Rxa1+ 34.
Qxa1 Be8 35. Qd1 Kf7 36. Qe2 Qa7 37. Qb2 Qa4 38. Bc2 Qa8 39. Bd3 Bd7 40. Kg2
Qc8 41. Qe2 Bh3+ 42. Kg1 Qa8 43. Qb2 Qa6 44. Bb1 Qc8 45. Qe2 Bf5 46. Bd3 Bxd3
47. Qxd3 Qe6 48. Qe3 Qe4 49. Qh6 Kg8 50. Qe3 Kf7 51. Qh6 Qb1+ 52. Kg2 Qe4+ 53.
Kg1 Kg8 54. Qe3 1/2-1/2

[Event "XII C.to Italiano U20"]
[Site "Bratto - Castione della Presolana ITA"]
[Date "2004.08.22"]
[Round "3"]
[White "Buchicchio, Giampaolo"]
[Black "Lettieri, Giuseppe"]
[Result "1-0"]
[WhiteElo "2291"]
[BlackElo "2144"]
[PlyCount "61"]
[EventDate "2004.08.20"]

1. e4 c5 2. c3 Nf6 3. e5 Nd5 4. d4 cxd4 5. Nf3 e6 6. cxd4 b6 7. Nc3 Nxc3 8.
bxc3 Qc7 9. Bd2 Bb7 10. Bd3 d6 11. O-O Nd7 12. Re1 dxe5 13. dxe5 Be7 14. Nd4 a6
15. a4 Nc5 16. Bc2 h5 17. c4 Rd8 18. Bc3 Ba8 19. Qe2 Kf8 20. f4 g6 21. Kh1 Qb7
22. a5 bxa5 23. Reb1 Qc8 24. Rxa5 Kg7 25. Rf1 f5 26. exf6+ Bxf6 27. Rxc5 Qxc5
28. Nxe6+ Kh6 29. Nxc5 Bxc3 30. Qe7 Rhg8 31. Ne6 1-0

[Event "XII C.to Italiano U20"]
[Site "Bratto - Castione della Presolana ITA"]
[Date "2004.08.22"]
[Round "3"]
[White "Buchicchio, Roberto"]
[Black "Braschi, Giancarlo"]
[Result "0-1"]
[WhiteElo "1832"]
[BlackElo "2196"]
[PlyCount "68"]
[EventDate "2004.08.20"]

1. e4 c5 2. Nf3 Nc6 3. Bb5 Qb6 4. Nc3 e6 5. Bxc6 Qxc6 6. O-O a6 7. d4 cxd4 8.
Nxd4 Qc7 9. Be3 Nf6 10. a3 Be7 11. f4 d6 12. Qd3 O-O 13. Nb3 b5 14. Rf3 Bb7 15.
Rg3 Kh8 16. Rf1 Rac8 17. Rh3 Rfd8 18. Nd4 Qc4 19. e5 Qxd3 20. cxd3 Ng4 21. Nde2
dxe5 22. fxe5 Nxe3 23. Rxe3 Bc5 24. d4 Rxd4 25. Rxf7 Rd3 26. Rxb7 Bxe3+ 27. Kh1
h5 28. Re7 a5 29. g3 b4 30. axb4 axb4 31. Ne4 Rc2 32. Rxe6 Rxe2 33. Rd6 Bd4 34.
Rd8+ Kh7 0-1

[Event "XII C.to Italiano U20"]
[Site "Bratto - Castione della Presolana ITA"]
[Date "2004.08.22"]
[Round "3"]
[White "Cacciola, Alfredo"]
[Black "Bevilacqua, Andrea"]
[Result "1/2-1/2"]
[WhiteElo "2052"]
[BlackElo "1736"]
[PlyCount "182"]
[EventDate "2004.08.20"]

1. e4 e5 2. Nf3 Nc6 3. Bb5 d6 4. d4 exd4 5. Nxd4 Bd7 6. Nc3 Nf6 7. Bg5 Be7 8.
h4 h5 9. Qd2 Nxd4 10. Bxd7+ Qxd7 11. Qxd4 Qg4 12. Rg1 O-O 13. f3 Qg3+ 14. Qf2
Qxf2+ 15. Kxf2 a6 16. Rad1 Rfe8 17. Nd5 Nxd5 18. Rxd5 Bxg5 19. hxg5 g6 20. Rgd1
Kf8 21. Kg3 Re5 22. Rxe5 dxe5 23. Rd7 Rc8 24. Kh4 b6 25. Kg3 a5 26. a4 c6 27.
Kf2 Ke8 28. Rb7 b5 29. b3 Rd8 30. axb5 Rd2+ 31. Kg3 Rxc2 32. bxc6 Rxc6 33. Rb5
Ra6 34. Rxe5+ Kf8 35. f4 a4 36. bxa4 Rxa4 37. Kh4 Ra1 38. f5 gxf5 39. exf5 Rh1+
40. Kg3 Kg7 41. Re7 Rf1 42. Re5 Rh1 43. Re4 Rf1 44. Rf4 Rh1 45. Kf2 Ra1 46. Re4
Ra5 47. Rf4 Ra1 48. Kg3 Rh1 49. Rf3 Ra1 50. Rd3 Rf1 51. Rd5 Ra1 52. Kf4 Rf1+
53. Ke3 Re1+ 54. Kf2 Ra1 55. Kg3 Rh1 56. Rd8 Rf1 57. f6+ Kg6 58. Rg8+ Kf5 59.
Rg7 Rh1 60. Kf3 Rf1+ 61. Ke3 Re1+ 62. Kf2 Rh1 63. Kg3 Rf1 64. g6 fxg6 65. f7
Ke6 66. f8=Q Rxf8 67. Rxg6+ Rf6 68. Rg5 Rh6 69. Kh4 Kf6 70. Rxh5 Rg6 71. g4 Kg7
72. Rg5 Kh7 73. Rd5 Ra6 74. Kg5 Rg6+ 75. Kf5 Kh6 76. Rd1 Rg5+ 77. Kf4 Ra5 78.
Rd6+ Kg7 79. Re6 Rb5 80. Kg3 Ra5 81. Kh4 Rb5 82. Rd6 Ra5 83. g5 Ra1 84. Kh5
Rh1+ 85. Kg4 Rg1+ 86. Kf5 Rf1+ 87. Ke4 Rg1 88. Kf5 Rf1+ 89. Ke6 Kg6 90. Rd5
Re1+ 91. Kd6 Rg1 1/2-1/2

[Event "XII C.to Italiano U20"]
[Site "Bratto - Castione della Presolana ITA"]
[Date "2004.08.22"]
[Round "3"]
[White "Castellano, Fabio Marco"]
[Black "Rostolis, Riccardo"]
[Result "1/2-1/2"]
[WhiteElo "1946"]
[BlackElo "1709"]
[PlyCount "34"]
[EventDate "2004.08.20"]

1. e4 d5 2. exd5 Nf6 3. d4 Bg4 4. Be2 Bxe2 5. Nxe2 Qxd5 6. O-O Nc6 7. Bf4 O-O-O
8. Nbc3 Qf5 9. Qd3 Qxd3 10. cxd3 Nxd4 11. Nxd4 Rxd4 12. Bxc7 Rxd3 13. Bg3 Nh5
14. Rac1 Nxg3 15. fxg3 f6 16. Ne4+ Kb8 17. Nc5 Rd6 1/2-1/2

[Event "XII C.to Italiano U20"]
[Site "Bratto - Castione della Presolana ITA"]
[Date "2004.08.22"]
[Round "3"]
[White "Chinello, Gianmarco"]
[Black "Procacci, Sergio"]
[Result "1/2-1/2"]
[WhiteElo "2100"]
[BlackElo "1756"]
[PlyCount "70"]
[EventDate "2004.08.20"]

1. e4 d5 2. exd5 Qxd5 3. Nc3 Qa5 4. Nf3 Nf6 5. d4 Bg4 6. Be2 e6 7. O-O c6 8.
Ne5 Bxe2 9. Qxe2 Bd6 10. Bf4 Qc7 11. Rfe1 O-O 12. Ne4 Nxe4 13. Qxe4 Nd7 14. c4
Nxe5 15. Bxe5 Bxe5 16. Qxe5 Qxe5 17. Rxe5 Rad8 18. Rd1 Rfe8 19. Kf1 f6 20. Re4
Kf7 21. Ke2 Rd6 22. Ke3 e5 23. f4 exd4+ 24. Rdxd4 Rxd4 25. Kxd4 Rxe4+ 26. Kxe4
Ke6 27. g4 b6 28. b4 g6 29. h4 f5+ 30. gxf5+ gxf5+ 31. Kd4 Kd6 32. c5+ bxc5+
33. bxc5+ Ke6 34. h5 h6 35. Kc4 Kf6 1/2-1/2

[Event "XII C.to Italiano U20"]
[Site "Bratto - Castione della Presolana ITA"]
[Date "2004.08.22"]
[Round "3"]
[White "Di Caro, Calogero"]
[Black "Bove, Alessandro"]
[Result "1-0"]
[WhiteElo "2322"]
[BlackElo "2175"]
[PlyCount "93"]
[EventDate "2004.08.20"]

1. Nf3 Nf6 2. c4 g6 3. Nc3 Bg7 4. e4 d6 5. d4 O-O 6. Be2 e5 7. O-O Nc6 8. d5
Ne7 9. b4 Ne8 10. c5 f5 11. Nd2 f4 12. Nc4 g5 13. Ba3 Ng6 14. b5 Nh4 15. f3 b6
16. cxb6 cxb6 17. Bb4 Rf6 18. a4 Rh6 19. Rf2 Qc7 20. a5 Rb8 21. axb6 axb6 22.
Na4 g4 23. fxg4 Bxg4 24. Naxb6 Bxe2 25. Qxe2 Rxb6 26. Ba5 Qa7 27. Nxb6 Rg6 28.
Kf1 Nxg2 29. Nc4 Nh4 30. Bc3 Qd7 31. Qb2 Qh3+ 32. Ke2 Rg2 33. Rxg2 Qxg2+ 34.
Kd1 Qf1+ 35. Be1 Nf3 36. Qe2 Qxe2+ 37. Kxe2 Nd4+ 38. Kf2 Nxb5 39. Ra8 Kf7 40.
Rb8 Nd4 41. Rb7+ Kg8 42. Bc3 Nc2 43. Rb2 Nd4 44. Bxd4 exd4 45. Kf3 d3 46. Rd2
Be5 47. Rxd3 1-0